Central-Library-PUMHS

Online Public Access Catalogue

Welcome to PUMHS Central Library Nawabshah, SBA

Robbins Basic pathology (Record no. 32753)

000 -LEADER
fixed length control field 00284nam a22001337a 4500
082 ## - DEWEY DECIMAL CLASSIFICATION NUMBER
Classification number 616.07 KUM
100 ## - MAIN ENTRY--AUTHOR NAME
Personal name Kumar,Viney (Acc.No 37476 Ref )
245 ## - TITLE STATEMENT
Title Robbins Basic pathology
250 ## - EDITION STATEMENT
Edition statement 9th ed .
260 ## - PUBLICATION, DISTRIBUTION, ETC. (IMPRINT)
Year of publication 2013
300 ## - PHYSICAL DESCRIPTION
Number of Pages 910
650 ## - SUBJECT ADDED ENTRY--TOPICAL TERM
Topical Term Pathology
942 ## - ADDED ENTRY ELEMENTS (KOHA)
Koha item type Books
Holdings
Withdrawn status Lost status Permanent Location Current Location Shelving location Date acquired Source of acquisition Cost, normal purchase price Accession Number Koha item type
    Central Library Main Campus PUMHSW Nawabshah (SBA) Reference Section (PUMHS Central Library) Reference 2019-10-09 M/s Iqra book Bill No 0332 Date 17/5/2016 1810.00 37476 Ref Books

Copyright © 2018,The PUMHSW, Nawabshah, Shaheed Benazirabad. All rights reserved
Mr. Abdul Sattar Mahar (Chief Librarian) PUMHSW, Nawabshah, Sindh, Pakistan 67480.
Ph#: | 0244-9370425 Ext. 2241 Email| librarian@pumhs.edu.pk Web| http://www.pumhs.edu.pk
سنڌي ڪي بورڊ